| 000 | 00664nam a2200193Ia 4500 | ||
|---|---|---|---|
| 003 | LDD | ||
| 008 | 190117s9999 xx 000 0 und d | ||
| 020 |
_a9789351862826 _c₹250 |
||
| 040 | _cLDD | ||
| 041 | _ahi | ||
| 082 | _a8H3.7 शु1166ऋ | ||
| 100 | _aशुक्ल, ऋता | ||
| 245 | 0 |
_aऋता शुक्ल की लोकप्रिय कहानियाँ _cऋता शुक्ल |
|
| 260 |
_aदिल्ली _bप्रभात प्रकाशन _c2015 |
||
| 300 | _a184p. | ||
| 901 | _aKGP | ||
| 904 | _aReqst by : Jitendra Kumar Srivasta | ||
| 942 |
_2ddc _cH |
||
| 999 |
_c171822 _d171822 |
||